The practice of public relations / (Record no. 250257)
[ view plain ]
| 000 -LEADER | |
|---|---|
| fixed length control field | 01544cam a22003014a 4500 |
| 001 - CONTROL NUMBER | |
| control field | 15957524 |
| 003 - CONTROL NUMBER IDENTIFIER | |
| control field | OSt |
| 005 - DATE AND TIME OF LATEST TRANSACTION | |
| control field | 20151007145107.0 |
| 008 - FIXED-LENGTH DATA ELEMENTS--GENERAL INFORMATION | |
| fixed length control field | 091023s2011 maua b 001 0 eng |
| 010 ## - LIBRARY OF CONGRESS CONTROL NUMBER | |
| LC control number | 2009044076 |
| 020 ## - INTERNATIONAL STANDARD BOOK NUMBER | |
| International Standard Book Number | 9780136088905 (pbk.) |
| International Standard Book Number | 0136088902 (pbk.) |
| 040 ## - CATALOGING SOURCE | |
| Original cataloging agency | DLC |
| Transcribing agency | DLC |
| Modifying agency | DLC |
| 043 ## - GEOGRAPHIC AREA CODE | |
| Geographic area code | n-us--- |
| 050 00 - LIBRARY OF CONGRESS CALL NUMBER | |
| Classification number | HM1221 |
| Item number | .S45 2011 |
| 082 00 - DEWEY DECIMAL CLASSIFICATION NUMBER | |
| Classification number | 659.2 |
| Edition number | 22 |
| 100 1# - MAIN ENTRY--PERSONAL NAME | |
| Personal name | Seitel, Fraser P. |
| 245 14 - TITLE STATEMENT | |
| Title | The practice of public relations / |
| Statement of responsibility, etc | Fraser P. Seitel. |
| 250 ## - EDITION STATEMENT | |
| Edition statement | 11th ed. |
| 260 ## - PUBLICATION, DISTRIBUTION, ETC. (IMPRINT) | |
| Place of publication, distribution, etc | Boston : |
| Name of publisher, distributor, etc | Prentice Hall, |
| Date of publication, distribution, etc | c2011. |
| 300 ## - PHYSICAL DESCRIPTION | |
| Extent | xxxi, 448 p. : |
| Other physical details | col. ill. ; |
| Dimensions | 26 cm. |
| 504 ## - BIBLIOGRAPHY, ETC. NOTE | |
| Bibliography, etc | Includes bibliographical references and index. |
| 505 0# - FORMATTED CONTENTS NOTE | |
| Formatted contents note | What is public relations, anyway? -- The history and growth of public relations -- Communication -- Public opinion -- Management -- Ethics -- The law -- Research -- Media relations/print & broadcast -- Employee relations -- Community relations -- Government relations -- Consumer relations -- International relations -- Public relations writing -- Writing for the eye and ear -- Integrated marketing communications -- Public relations and social media -- Crisis management -- Launching a career. |
| 650 #0 - SUBJECT ADDED ENTRY--TOPICAL TERM | |
| Topical term or geographic name as entry element | Public relations |
| Geographic subdivision | United States. |
| 906 ## - LOCAL DATA ELEMENT F, LDF (RLIN) | |
| a | 7 |
| b | cbc |
| c | orignew |
| d | 1 |
| e | ecip |
| f | 20 |
| g | y-gencatlg |
| 942 ## - ADDED ENTRY ELEMENTS (KOHA) | |
| Source of classification or shelving scheme | Library of Congress Classification |
| Koha item type | Long Loan Books |
| Withdrawn status | Lost status | Source of classification or shelving scheme | Damaged status | Not for loan | Collection code | Home library | Current library | Shelving location | Date acquired | Total Checkouts | Full call number | Barcode | Date last seen | Date checked out | Price effective from | Koha item type | Checked out |
|---|---|---|---|---|---|---|---|---|---|---|---|---|---|---|---|---|---|
| Library of Congress Classification | Non-fiction | Rongo University Library | Rongo University Library | General Stacks | 07/10/2015 | 12 | HM1221 .S45 2011 | 20090838 | 25/10/2022 | 05/10/2022 | 07/10/2015 | Long Loan Books | |||||
| Library of Congress Classification | Non-fiction | Rongo University Library | Rongo University Library | General Stacks | 04/09/2017 | 6 | HM1221 .S45 2011 | 201700226 | 19/09/2019 | 19/09/2019 | 04/09/2017 | Long Loan Books | 03/10/2019 |
